00498nam a2200133Ia 4500008004100000100002500041245008300066245006200149260005300211260001600264300000800280650001500288856006100303170221s9999 xx 000 0 und d aNorazlina Abd. Wahab aPromoting Housing Affordability in Malaysia: Can Islamic Finance Play a Role?  cNorazlina Abd. Wahab, Hanissah Hamzah, Rosylin Mohd Yusof bInternational Review of Management and Marketing cAugust 2013 a2:3 xMarketing. uhttp://www.econjournals.com/index.php/irmm/issue/view/97